000 00924nam a22002417a 4500
005 20170613110806.0
010 _a1617EN ENG-116997
020 _a9788126560707
_c299.00
035 _aB-651192-212
035 _a1617EN EN-100529
035 _aB-667459
037 _bBSB
037 _bDBAD/PUB
082 _a000
245 _aCTET exam goalpost:
_bpaper-II - maths/science /
260 _c2016
_aNew Delhi
_bJohn Wiley
270 _a4435-36/7, Ansari Road,Daryaganj
_bNew Delhi
_e110002
300 _c25cm(pbk)
_axii,370p
_bill.
500 _apaper-11, class vi-viii
942 _cEN
_2ddc
_h000
_mCTE
999 _c101876
_d101876